01140nam a2200241 a 450000100100000000500170001000800410002704000250006808200210009310000280011424500770014225000110021926000440023030000280027459000260030265000340032865000330036291000370039595202050043295201190063795201250075699900170088100002567520200930023949.0081212s1982 dr a 001 0 spa d aDO-SdBNPbspacBNPHU a101bA795m, 19821 aArvelo, Tulio H.95243510aManual de introducción a la filosofía :bFIL-011 /cTulio H. Arvelo. a8a ed. aSanto Domingo :bEditora Taller,c1982. a239 p. :bil. ;c20 cm. aInventariado, 2019/VM 4aFilosofíaxEnseñanza9527 4aFilosofíavMANUALES952436 aValidado. Control de calidad MFF 001054708DSaGRbGRcHDd2011-02-24iLF1l0o101 A795m, 1982p25675-30r2020-06-25te. 3w2020-06-25yLFDSzPertenecio a la biblioteca personal de Juan Isidro Jimenez Grullón.ZPréstamo en sala 0010718PDaPDbPDcHDd2011-02-21iLF1l0o101 A795m, 1982p25675-10r2020-06-25w2020-06-25yLFPDZNo se presta 0010718PDaPDbPDcHDd2011-02-24iLF1l0o101 A795m, 1982p25675-20r2020-06-25te. 2w2020-06-25yLFPDZNo se presta c25167d25167